| 000 | 00548nam a2200181Ia 4500 | ||
|---|---|---|---|
| 003 | IN-BaIIA | ||
| 008 | 211028s9999 xx 000 0 eng d | ||
| 040 | _cIIA Library | ||
| 080 |
_a511 _bKUD |
||
| 100 |
_aKudryavtsev, V. A. _917895 |
||
| 245 | 2 |
_aA brief course of higher mathematics _cV. A. Kudryavtsev and B. P. Demidovich |
|
| 260 |
_aMoscow _bMIR Publishers _c1984 |
||
| 300 | _a693p. | ||
| 650 |
_aMathematics _982 |
||
| 650 | _aNASA Thesaurus | ||
| 700 |
_aDemidovich, B. P. _914118 |
||
| 942 | _cBK | ||
| 999 |
_c10524 _d10524 |
||